00565 2200217 4500245005600000020002200056250001100078100001800089700002600107700002500133650001600158650001000174005001900184260005700203041001400260084000800274300002500282336000900307337001000316338002100326 aInformatika untuk SMA Kelas XIcAuzi AsfarianhText a978-602-244-861-7 aCet. 1 aAuzi Asfarian aPaulina H. Prima Rosa aLucki Hersya Rachman aInformatika aEbook a20230616072154 aJakartabKementerian Pendidikan dan Kebudayaanc2021 aIndonesia a004 axvi, 296 hlm. :cPDF atext aother aother (computer)